|
|
|
|
| LEADER |
00000nam a2200000Ii 4500 |
| 001 |
DIGECOHAB0001 |
| 003 |
NyNyDIG |
| 006 |
m o d |
| 007 |
cr ||||||||||| |
| 008 |
240202s2020 sp a ob 000 0 spa d |
| 035 |
|
|
|a (OCoLC)1240429040
|
| 040 |
|
|
|a DGITA
|b eng
|e rda
|e pn
|c DGITA
|
| 020 |
|
|
|a 9788494636776
|q ePub
|
| 020 |
|
|
|z 9788494636769
|q papel
|
| 041 |
1 |
|
|a spa
|h eng
|
| 050 |
1 |
4 |
|a HM901 ebook
|
| 082 |
0 |
4 |
|a 303.49
|2 23
|
| 100 |
1 |
|
|a Wahl, Daniel Christian,
|e author.
|
| 240 |
1 |
0 |
|a Designing regenerative cultures.
|l Spanish
|s (Calleja)
|
| 245 |
1 |
0 |
|a Diseñando culturas regenerativas /
|c Daniel Christian Wahl ; traducción, Eva Calleja.
|
| 250 |
|
|
|a Primera edición en español.
|
| 264 |
|
1 |
|a Artieda, Navarra, España :
|b EcoHabitar editorial,
|c [2020]
|
| 300 |
|
|
|a 1 online resource :
|b illustrations (some color)
|
| 336 |
|
|
|a text
|b txt
|2 rdacontent
|
| 337 |
|
|
|a computer
|b c
|2 rdamedia
|
| 338 |
|
|
|a online resource
|b cr
|2 rdacarrier
|
| 347 |
|
|
|a text file
|2 rdaft
|
| 347 |
|
|
|b EPUB
|
| 504 |
|
|
|a Includes bibliographical references.
|
| 588 |
0 |
|
|a Online resource; title from ePub title page (Digitalia, viewed February 2, 2024)
|
| 650 |
|
0 |
|a Social prediction.
|
| 650 |
|
0 |
|a Technological forecasting.
|
| 650 |
|
0 |
|a Quality of life
|x Forecasting.
|
| 700 |
1 |
|
|a Calleja, Eva,
|e translator.
|
| 700 |
1 |
|
|i Translation of:
|a Wahl, Daniel Christian.
|t Designing regenerative cultures.
|
| 791 |
2 |
|
|a Digitalia (Firm),
|e distributor.
|
| 793 |
0 |
|
|g Digitalia eBook Collection:
|a EcoHabitar
|
| 776 |
0 |
8 |
|i Print version:
|a Wahl, Daniel Christian.
|s Designing regenerative cultures. Spanish (Calleja).
|t Diseñando culturas regenerativas.
|b Primera edición en español.
|d Artieda, Navarra, España : EcoHabitar editorial, [2020]
|z 9788494636769
|
| 856 |
4 |
0 |
|3 Digitalia Hispánica
|u https://www.digitaliapublishing.com/a/100204/
|
| 910 |
|
|
|a Premium collection: 2024
|